[Event "FRA-ch op-D"]
[Site "Nancy"]
[Date "2013.08.12"]
[Round "1"]
[White "Blondel, Francis"]
[Black "Rubini, Louis"]
[Result "1-0"]
[WhiteElo "1489"]
[BlackElo "1315"]
[PlyCount "89"]
[EventDate "2013.08.11"]
[EventType "swiss"]
[EventRounds "11"]
[EventCountry "FRA"]
[SourceTitle "CBM 156 Extra"]
[Source "ChessBase"]
[SourceDate "2013.10.22"]
[SourceVersion "1"]
[SourceVersionDate "2013.10.22"]
[SourceQuality "1"]

1. d4 d5 2. c4 e6 3. Nc3 Nf6 4. cxd5 exd5 5. Bg5 Be6 6. e3 c5 7. Nf3 cxd4 8. Qxd4 Be7 9. Bb5+ Nc6 10. Qa4 Qb6 11. Nd4 Rc8 12. 0-0 0-0 13. Nf3 a6 14. Bxc6 Rxc6 15. Nd4 Rc4 16. Qc2 Qc7 17. Bf4 Qa5 18. Qe2 Bb4 19. Nb3 Qd8 20. Be5 Ng4 21. Bd4 Qc7 22. f4 Rd8 23. h3 Nh6 24. g4 Qc8 25. Qf3 g6 26. Bf6 Rd6 27. Bg5 Nxg4 28. Be7 Rdc6 29. Bxb4 Rxb4 30. hxg4 Bxg4 31. Qxd5 Bh3 32. Rf2 Qg4+ 33. Kh2 Qh4 34. Kg1 Qg4+ 35. Rg2 Bxg2 36. Qxg2 Qxg2+ 37. Kxg2 Re6 38. Kf3 Kg7 39. Rd1 Kh6 40. Rd4 Rbb6 41. Rd7 f6 42. Ne4 Rb4 43. Nf2 a5 44. Ng4+ Kh5 45. Rxh7# 1-0